00000000nam 2200000zi 4500
0019.947460
003CaOODSP
00520250303103444
006m     o  d f      
007cr |n|||||||||
008250128s1956    onca    ob   f000 0 eng d
040 |aCaOODSP|beng|erda|cCaOODSP
043 |an-cn---
0861 |aA52-297/1956E-PDF
0861 |zA51-47E-PDF
24500|aAnimal Husbandry Division, Central Experimental Farm, Ottawa : |bprogress report, 1950 - 1954.
24636|aAnimal Husbandry Division progress report 1950-1954
264 1|aOttawa, Canada : |bMinister of Agriculture, |c[1956]
300 |a1 online resource (42 pages) : |billustrations
336 |atext|btxt|2rdacontent
337 |acomputer|bc|2rdamedia
338 |aonline resource|bcr|2rdacarrier
500 |aDigitized edition from print [provided by Agriculture and Agri-Food Canada].
504 |aIncludes bibliographical references (page 40).
61015|aCanada. |bAnimal Husbandry Division.
61015|aCanada. |bDivision de la zootechnie.
650 0|aLivestock|zCanada.
650 6|aBétail|zCanada.
7101 |aCanada. |bAnimal Husbandry Division, |eissuing body.
7101 |aCanada. |bExperimental Farms Service, |eissuing body.
85640|qPDF|s8.86 MB|uhttps://publications.gc.ca/collections/collection_2024/aac-aafc/A51-47-1950-eng.pdf